El sistema de negociación colectiva en la Europa comunitaria, primera parte

Guardat en:
Dades bibliogràfiques
Autor principal: Sala Franco, Tomás (Autor)
Format: Llibre
Idioma:espanyol
Publicat: Valencia Tirant lo Blanch 2008
Col·lecció:Tirant Lo Blanch Tratados
Matèries:
Etiquetes: Afegir etiqueta
Sense etiquetes, Sigues el primer a etiquetar aquest registre!

MARC

LEADER 00000nam a2200000 a 4500
001 UCI9280
003 CL-VaPUC
008 081106e20080000SP |||||||||||||||||spa|d
020 |a 9788498761979 
082 0 4 |a 344.0189  |b SAL  |2 21 
100 0 |a Sala Franco, Tomás  |e author  |9 532909 
245 1 3 |a El sistema de negociación colectiva en la Europa comunitaria, primera parte 
300 |a 572 p 
942 |c BK 
945 |d 20081106 00:00:00  |a rbrito 
260 |a Valencia  |b Tirant lo Blanch  |c 2008 
650 7 |a DERECHO LABORAL  |2 CL-VaPUC  |9 15 
650 0 |a Negociación colectiva  |9 312433 
650 0 |a Trabajadores  |9 260887 
650 0 |a Sindicatos  |9 255034 
651 0 |a Europa  |9 255156 
583 |a last modification  |c 20170801 05:45:13  |k Rodrigo Vera 
490 0 |a Tirant Lo Blanch Tratados 
999 |c 331846  |d 331844 
952 |0 0  |1 0  |4 0  |6 344_018900000000000_SAL_2008  |7 0  |8 A  |9 419010  |a BIBDER  |b BIBDER  |d 2019-11-22  |i 4571282  |o 344.0189 SAL 2008  |p 4571282  |r 2023-01-25  |w 2019-11-22  |y BK  |k DER